000 00307cam a22001217a 4500
008 180718b1967 xxu||||| |||| 00| 0 eng d
082 _aI5511 B167
100 _aBajpai,O. P.
245 _aFoundations of statistics
_cBy O. P. Bajpai
260 _aBombay
_bAsia
_c1967
300 _a572p
650 _aStatistics
999 _c409363
_d409363